Vendre plus et mieux <le> vademecum du vendeur et du représentant

Uložené v:
Podrobná bibliografia
Médium: Kniha
Jazyk:French
Vydavateľské údaje: Thalwil-Zürich Emile Oesch 1945
Tagy: Pridať tag
Žiadne tagy, Buďte prvý, kto otaguje tento záznam!

MARC

LEADER 00000nam a2200000 4500
001 0268575
005 20240822101712.1
041 0 |a fre 
044 |a CH 
245 1 0 |a Vendre plus et mieux  |b <le> vademecum du vendeur et du représentant 
264 1 |a Thalwil-Zürich  |b Emile Oesch  |c 1945